Concepts in Thermal Physics /

Na minha lista:
Detalhes bibliográficos
Main Authors: Blundell, Stephen J. (Author), Blundell, Katherine M. (Author)
Formato: Livro
Idioma:inglês
Publicado em: Oxford University Press 2010
Edição:2nd Ed.
Assuntos:
Tags: Adicionar Tag
Sem tags, seja o primeiro a adicionar uma tag!

MARC

LEADER 00000nam a22000003a 4500
001 0091334
003 SK-STU
005 20211104131722.6
007 ta
008 211104s ----xo-----e------000-0-----d
020 |a 978-0-19-956209-1 
040 |a STU  |b slo 
041 0 |a eng 
044 |a xxk 
100 1 |a Blundell, Stephen J.  |4 aut 
245 1 0 |a Concepts in Thermal Physics /  |c aut. Stephen J Blundell, Katherine M Blundell 
250 |a 2nd Ed. 
260 |a Oxford  |b University Press  |c 2010 
300 |a 493 s. 
650 0 7 |a termodynamika 
700 1 |a Blundell, Katherine M.  |4 aut 
996 |b 284M088880  |c M* 14529-1  |l MMST  |s A  |a 24  |w 0091334_0001